|
|
|
|
| LEADER |
00000nam0a2200000 4500 |
| 001 |
252329 |
| 005 |
20231031213905.0 |
| 035 |
|
|
|a (RuTPU)RU\TPU\book\274661
|
| 090 |
|
|
|a 252329
|
| 100 |
|
|
|a 20140301d1895 k y0gery50 ba
|
| 101 |
0 |
|
|a ger
|
| 102 |
|
|
|a DE
|
| 105 |
|
|
|a y z 001zy
|
| 200 |
1 |
|
|a Die Chemie der Zuckerarten
|f E. O. Lippmann von
|
| 205 |
|
|
|a Zweite vollig umgearbeitete auflase
|
| 210 |
|
|
|a Braunschweig
|c DRuck und verlag von friedrich virweg und sonk
|d 1895
|
| 215 |
|
|
|a 1174 s.
|
| 320 |
|
|
|a Alphabetisches Sachregister: s. 1115-1174.
|
| 606 |
1 |
|
|a Сахарные заводы
|2 stltpush
|3 (RuTPU)RU\TPU\subj\33666
|
| 610 |
1 |
|
|a химическая технология
|
| 610 |
1 |
|
|a сахар
|
| 610 |
1 |
|
|a сахара
|
| 610 |
1 |
|
|a сахаристые вещества
|
| 610 |
1 |
|
|a сахарная промышленность
|
| 610 |
1 |
|
|a химия
|
| 610 |
1 |
|
|a немецкий язык
|
| 675 |
|
|
|a 664
|v 3
|
| 700 |
|
1 |
|a Lippmann von
|b E. O.
|g Edmund
|
| 801 |
|
1 |
|a RU
|b 63413507
|c 20140301
|
| 801 |
|
2 |
|a RU
|b 63413507
|c 20140304
|g RCR
|
| 942 |
|
|
|c BK
|